000 00967nam a2200241 a 4500
001 000017655
005 20200929165202.0
008 100329s1998 dr a 000 0 spa d
040 _aDO-SdBNP
_bspa
_cBNPHU
082 _a330.97293
_bR696e
100 1 _aRodríguez Jiménez, Julio César
_938474
245 1 0 _aEconomía, ciencia y tecnología en República Dominicana 1991-1997 /
_cJulio Cesar Rodríguez Jiménez; prologo Pedro Julio Bona Prandy.
260 _aSanto Domingo :
_bBúho,
_c1998.
300 _a207 p. :
_bil. ;
_c21 cm.
500 _aIncluye datos biográficos del autor en la página 202
651 4 _aRepública Dominicana
_xCondiciones Económicas
_9281
651 4 _aRepública Dominicana
_xIndustrias
_98277
650 4 _aAgricultura
_zRepública Dominicana
_91568
650 4 _aTecnología
_zRepública Dominicana
_937340
650 4 _aCiencia
_zRepública Dominicana
_938475
700 1 _aBona Prandy, Pedro Julio
_epról.
_915995
049 _aBNPD
999 _c17180
_d17180